000 01033nam a2200253Ia 4500
003 OSt
005 20220923224034.0
006 a|||||r|||| 00| 0
007 ta
008 220922b |||||||| |||| 00| 0 hin d
024 _a224,359
037 _cTextual
040 _aARTS
_cARTS
_bhin
041 _2hin
_ahin
082 _aO152,1J32:g, P5
100 _aबुल्के, फ़ादर कामिल; दिनेशवर प्रसाद, संपा.
_9167757
245 0 _aएक ईसाई की आस्था रामकथा और हिन्दी
246 _aEk īsāī kī āsthā rāmakathā aur hindī
260 _aनयी दिल्ली
_b प्रकाशन संस्थान
_c2005
300 _a157पृ.
_ccm.
650 _aहिन्दी साहित्य
_9156264
942 _hO152,1J32:g, P5
_cTEXL
_2CC
999 _c368795
_d368795